01018nam a2200205 a 450000100100000000500170001000800410002704000250006804100380009308200150013124502330014624600970037926000450047630000350052150000800055670000360063604900090067295201140068199900170079500003114520200930062731.0110614s2005 dr a 000 0 spa d aDO-SdBNPbspacBNPHU17aspahfre2Código de idioma MARC axxxxbC43600a"Chalcographies du Louvre" : "L´Héritage classique interprété par des artistas contemporains = Calcografías del Louvre : "El legado clásico interpretado por artistas contemporáneos" /ctexto Pascal Torres Guardiola.02aCalcografías del Louvre : "El legado clásico interpretado por artistas contemporáneos" aSanto Domingo :bMuseo Bellapart,c2005. a132 p. :bil., retrs ;c26 cm. aExposición presentada en el Museo de Bellapart en septiembre-octubre 20051 aTorres Guardiola, Pascal957619 aBNPD 00107-18PDaPDbPDcOId2011-06-14iLF1l0oxxxx C436p31145-10r2020-06-25w2020-06-25yLFPDZNo se presta c30637d30637